00449nam a2200157Ia 45000010006000000050017000060080041000230410008000640820016000721000056000882450094001442600009002383000028002476500008002756540008002832435420260414151037.0260414t2011||||xx |||||||||||||| ||spa|| aESP a345.52bG68 aGómez Sánchez Torrealva, Francisco AlbertoeAUT 0aGuía para litigar ante el tribunal constitucional :bactuaciones, recursos y trámites c2011 a223 páginas :c24 cm. aDER aCDE